Thiết kế cầu treo võng

Cuốn sách này bao gồm 5 chương và phụ lục với nội dung như sau: Chương 1-Giới thiệu cơ sở thiết kế cầu treo dây võng ; Chương 2-Trình tự thiết kế sơ bộ một cây cầu cụ thể ; Chương 3-Hướng dẫn sử dụng một phần mềm tính toán trên...

Full description

Saved in:
Bibliographic Details
Main Author: Nguyễn, Viết Trung
Format: Book
Language:Undetermined
Published: Hà Nội Xây dựng 2004
Subjects:
Tags: Add Tag
No Tags, Be the first to tag this record!
Institutions: Trung tâm Học liệu Trường Đại học Cần Thơ
LEADER 01409nam a2200229Ia 4500
001 CTU_134899
008 210402s9999 xx 000 0 und d
020 |c 34000 
082 |a 624.23 
082 |b Tr513 
100 |a Nguyễn, Viết Trung 
245 0 |a Thiết kế cầu treo võng 
245 0 |c Nguyễn Viết Trung chủ biên ; Hoàng Hà 
260 |a Hà Nội 
260 |b Xây dựng 
260 |c 2004 
520 |a Cuốn sách này bao gồm 5 chương và phụ lục với nội dung như sau: Chương 1-Giới thiệu cơ sở thiết kế cầu treo dây võng ; Chương 2-Trình tự thiết kế sơ bộ một cây cầu cụ thể ; Chương 3-Hướng dẫn sử dụng một phần mềm tính toán trên cơ sở phân tích kết cấu cầu treo dây võng bằng SAP2000 ; Chương 4-Vấn đề động lực học cầu treo ; Chương 5-Kiểm tra và phân tích các hư hỏng cầu treo dây võng ; Phụ lục-Nội dung tính cầu treo theo sơ đồ biến dạng và chương trình Pascal. 
650 |a Bridge construction 
650 |x Cabble-stayed bridges,Kỹ thuật xây cầu 
650 |y Cầu treo 
904 |i Trọng Hiếu 
980 |a Trung tâm Học liệu Trường Đại học Cần Thơ